000 00511nam a2200193Ia 4500
003 IN-BaIIA
008 211028s9999 xx 000 0 eng d
040 _cIIA Library
080 _a523.34
_bSTO
100 _aStockwell, John N.
_91380
245 0 _aTheory of the moon's motion
_cJohn N. Stockwell
260 _aPhiladelphia
_bJ. B. Lippincott
_c1875
300 _axvi, 44p.
650 _aArchives
650 _aLunar theory
_9694
650 _aMoon
_91324
650 _aPlanetary systems
_9965
942 _cBK
999 _c637
_d637